The scarlet letter (Record no. 298912)

000 -LEADER
fixed length control field 00329 a2200145 4500
001 - CONTROL NUMBER
control field 63839
020 ## - INTERNATIONAL STANDARD BOOK NUMBER
International Standard Book Number 9788126139873
082 ## - DEWEY DECIMAL CLASSIFICATION NUMBER
Classification number 823 HAW
090 ## - LOCALLY ASSIGNED LC-TYPE CALL NUMBER (OCLC); LOCAL CALL NUMBER (RLIN)
-- 37760
-- 37760
100 ## - MAIN ENTRY--PERSONAL NAME
Personal name Hawthorne, N
245 ## - TITLE STATEMENT
Title The scarlet letter
260 ## - PUBLICATION, DISTRIBUTION, ETC.
Place of publication, distribution, etc. New Delhi
Name of publisher, distributor, etc. Anmol Publication
Date of publication, distribution, etc. 2009
300 ## - PHYSICAL DESCRIPTION
Extent 294p
600 ## - SUBJECT ADDED ENTRY--PERSONAL NAME
Personal name Aditya Nandwani
942 ## - ADDED ENTRY ELEMENTS (KOHA)
Institution code [OBSOLETE] NUST-CAE
Call number prefix 823 HAW
Holdings
Withdrawn status Lost status Damaged status Not for loan Collection code Permanent Location Current Location Date acquired Total Checkouts Full call number Barcode Date last seen Price effective from Koha item type
          College of Aeronautical Engineering (CAE) College of Aeronautical Engineering (CAE) 04/03/2017   823 HAW CAE82082 04/05/2017 04/05/2017 Book
© 2023 Central Library, National University of Sciences and Technology. All Rights Reserved.